000 00642nab#a2200205#c#4500
999 _c87912
_d87912
003 IEF
005 20191211120700.0
008 950704s1975 uuu|| #####0 b| |u
040 _aIEF
_cES-MaIEF
100 1 _aLagares Calvo, Manuel Jesús
_924628
245 _aLa distribución de la carga tributaria en España
_bAlgunos aspectos de interés para la política fiscal
_c Manuel J. Lagares Calvo
260 _c1975
500 _aBibliografía,conclusiones
650 4 _aPRESION FISCAL
_948102
650 4 _aESPAÑA
_941092
773 0 _tHacienda pública española
_w34570
_g33, p. 141-159
942 _2udc
942 _2udc